| 000 | 00354nam a22001457a 4500 | ||
|---|---|---|---|
| 020 | _a978-81-312-3402-0 | ||
| 082 | _a617.6342,S13H | ||
| 100 | _aHEYMANN,HARALDO | ||
| 245 | _aSTURDEVANTS ART & SCIENCE OF OPERATIVE DENTISTRY | ||
| 250 | _a1ST | ||
| 260 |
_aNEW DELHI _bELSEVIER _c2013 |
||
| 300 | _a487 | ||
| 650 | _aCONSERVATIVE | ||
| 942 |
_2ddc _cBK _051 |
||
| 999 |
_c9814 _d9814 |
||